Práca s GPS na platforme Android

Na minha lista:
Detalhes bibliográficos
Autor principal: Baránek, Tomáš (Author)
Outros Autores: Pištek, Peter (Thesis advisor)
Formato: Manuscrito Livro
Idioma:eslovaco
Publicado em: 2016
Assuntos:
Acesso em linha:http://is.stuba.sk/zp/portal_zp.pl?podrobnosti=131686
Tags: Adicionar Tag
Sem tags, seja o primeiro a adicionar uma tag!

MARC

LEADER 00000ntm a22000003a 4500
001 stuzp59048
003 SK-STU
005 20160719155740.7
007 ta
008 150427s2015----xo-----f-mn---000-0-slo-d
040 |a STU  |b slo 
041 0 |a slo 
100 1 |a Baránek, Tomáš  |u 070400  |4 aut  |U FIIT Fakulta informatiky a informačných technológií  |T FIIT Ústav počítačového inžinierstva a aplikovanej informatiky  |X 71988  |U I400  |Y 672  |7 71988 
242 0 1 |a Working with GPS on Android platform  |y eng 
245 1 0 |a Práca s GPS na platforme Android 
260 |c 2016 
650 4 |a GPS  |2 slo 
650 4 |a Android  |2 slo 
650 4 |a Facebook  |2 slo 
650 4 |a EXIF  |2 slo 
650 4 |a GPS  |2 eng 
650 4 |a Android  |2 eng 
650 4 |a Facebook  |2 eng 
650 4 |a EXIF  |2 eng 
700 1 |a Pištek, Peter  |u 070400  |k Z1  |4 ths  |U FIIT Fakulta informatiky a informačných technológií  |T FIIT Ústav počítačového inžinierstva a aplikovanej informatiky  |X 20920  |U I400  |Y 672  |7 20920 
856 4 |u http://is.stuba.sk/zp/portal_zp.pl?podrobnosti=131686 
996 |b 284IB00172  |c I*BAP 12/2016  |l II680  |s P  |a 0  |w stuzp59048_0001 
SQL |a stuzp59048  |b DBP  |c SLO  |d Práca s GPS na platforme Android  |e 71988  |f Baránek, Tomáš  |g 070400  |h 20920  |i Pištek, Peter  |j 20160620  |k 1285  |l 07  |m http://is.stuba.sk/zp/portal_zp.pl?podrobnosti=131686  |n B-IT  |o 9.2.4. počítačové inžinierstvo